| 000 | 00000nam 2200000zi 4500 |
| 001 | 9.952544 |
| 003 | CaOODSP |
| 005 | 20250821110935 |
| 006 | m o d f |
| 007 | cr |n||||||||| |
| 008 | 250620e198512##oncd obt f|0| 0 eng d |
| 040 | |aCaOODSP|beng|erda|cCaOODSP |
| 043 | |an-cn--- |
| 086 | 1 |aD68-25/22-1985E-PDF |
| 100 | 1 |aHartley, Stephen P., |eauthor. |
| 245 | 12|aA projection of the secular trend of Canadian Forces aircrew anthropometry / |cStephen P. Hartley, for: Human Elements Incorporated. |
| 264 | 1|aDownsview, Ontario.|bDefence Civil Institute of Environmental Medicine, Department of National Defence - Canada, |cDecember 1985. |
| 300 | |a1 online resource (11 pages) : |bchart. |
| 336 | |atext|btxt|2rdacontent |
| 337 | |acomputer|bc|2rdamedia |
| 338 | |aonline resource|bcr|2rdacarrier |
| 490 | 1 |aTechnical report ; |vNo. 85-12-03 |
| 500 | |aDigitized edition from print [produced by Defence Research and Development Canada]. |
| 500 | |a"DSS File No. 01SE.97711-4-8216." |
| 504 | |aIncludes bibliographical references (page 11). |
| 520 | |a"... as a population, adults on average are larger and taller than in the past. Projection of this trend into the future provides valuable information to the engineer working to design equipment or systems for future populations. In this report, recently collected anthropometric data on Canadian Forces (CF) aircrew are compared to past data to examine this trend. Mean stature is used as an indicator of population trends of change in body size. It is concluded that the "young adult" CF aircrew population is increasing in average stature at a rate of approximately 0.55 cm per decade"--Abstract. |
| 610 | 10|aCanada. |bCanadian Armed Forces. |
| 650 | 0|aFlight crews|xAnthropometry|zCanada. |
| 650 | 6|aAvions|xÉquipage|xAnthropométrie|zCanada. |
| 710 | 2 |aDefence and Civil Institute of Environmental Medicine (Canada), |eissuing body. |
| 710 | 1 |aCanada. |bDepartment of National Defence, |eissuing body. |
| 710 | 1 |aHuman Elements Incorporated, |econsultant. |
| 830 | #0|aDCIEM technical report ;|vNo. 85-12-03.|w(CaOODSP)9.943618 |
| 856 | 40|qPDF|s347 KB|uhttps://publications.gc.ca/collections/collection_2025/rddc-drdc/D68-25-22-1985-eng.pdf |